[Event "CRO-ch U11 Girls"]
[Site "Trogir"]
[Date "2019.06.19"]
[Round "4"]
[White "Dundovic, Mia"]
[Black "Karlusic, Sara"]
[Result "0-1"]
[WhiteElo "1822"]
[BlackElo "1635"]
[PlyCount "104"]
[EventDate "2019.06.17"]
[EventType "swiss"]
[EventRounds "9"]
[EventCountry "CRO"]
[SourceTitle "EXT 2020"]
[Source "ChessBase"]
[SourceDate "2019.10.17"]
[SourceVersion "1"]
[SourceVersionDate "2019.10.17"]
[SourceQuality "1"]

1. e4 e5 2. Nf3 Nc6 3. Bc4 Bc5 4. 0-0 Nf6 5. d3 h6 6. Nc3 0-0 7. Re1 d6 8. Na4 Bb6 9. Nxb6 axb6 10. Re3 Bg4 11. Qd2 d5 12. Bb5 d4 13. Re1 Na5 14. Nxe5 Bh5 15. c3 c6 16. Bc4 b5 17. cxd4 bxc4 18. dxc4 Re8 19. b4 Nb3 20. Qf4 Nxa1 21. Re3 Bg6 22. Nxg6 fxg6 23. e5 Nh5 24. Qg4 Qg5 25. Qe4 Qf5 26. Qh4 Qg5 27. Qh3 Nc2 28. f4 Nxf4 29. Qg3 Nxd4 30. Qf2 Nh5 31. e6 Nxe6 32. h4 Qf5 33. Rf3 Qb1 34. Qf1 Rxa2 35. Re3 Ra1 36. Re1 Qf5 37. Qe2 Ng3 38. Qe3 Qf4 39. Qc3 Ne2+ 40. Rxe2 Rxc1+ 41. Qxc1 Qxc1+ 42. Kh2 Nc7 43. Rf2 Re1 44. Kg3 Re3+ 45. Kh2 Qxc4 46. Kg1 Re1+ 47. Rf1 Qxf1+ 48. Kh2 Re2 49. Kg3 Qxg2+ 50. Kf4 Qf1+ 51. Kg4 Rg2+ 52. Kh3 Qh1# 0-1